| 000 | 01418nam a2200325 ia4500 | ||
|---|---|---|---|
| 003 | OSt | ||
| 005 | 20260429115156.0 | ||
| 008 | 250922t20252025enka jr 000 1 eng d | ||
| 020 |
_a9780241718520 _cRM 57.95 _qpaperback |
||
| 040 |
_aPPAK _beng _cPPAK _erda |
||
| 082 | 0 | 4 |
_223 _a813.6 |
| 090 | 0 | 0 |
_a813.6 _bBAI _dK |
| 100 | 1 |
_aBaines, Becky, _eauthor. |
|
| 245 | 1 | 0 |
_aBIRTHDAY PARTY PALOOZA / _cBecky Baines. |
| 264 | 1 |
_aLondon : _bDorling Kindersley Limited, _c2025 |
|
| 264 | 4 | _c©2025 | |
| 300 |
_a133 pages : _billustrations ; _c21 cm |
||
| 336 |
_atext _2rdacontent |
||
| 337 |
_aunmediated _2rdamedia |
||
| 338 |
_avolume _2rdacarrier |
||
| 490 | 1 | _aYou've Got This! | |
| 500 | _a"Pick your own adventure. Navigate the paths of collaboration, creativity, and resourcefulness...What will you decide?"--Cover. | ||
| 520 |
_a"Twins Tami and Sam want to organize the ultimate best-ever birthday palooza. But it turns out Tami and Sam have very different ideas on what makes the perfect party. Can they find a compromise before it's too late? Navigate the paths of collaboration, creativity, and resourcefulness… What will you decide?"--
_cAmazon |
||
| 650 | 1 | 0 |
_aTwins _vJuvenile fiction |
| 650 | 2 | 0 |
_aSiblings _vJuvenile fiction |
| 650 | 2 | 0 |
_aBirthday parties _vJuvenile fiction |
| 650 | 2 | 0 |
_aAmusement parks _vJuvenile fiction |
| 830 | 0 | _aYou've got this! | |
| 942 |
_2ddc _cB |
||
| 999 |
_c204000 _d204000 |
||